| 000 | 00887cam a2200265 i 4500 | ||
|---|---|---|---|
| 001 | 7754 | ||
| 003 | Mx-PuUPA | ||
| 005 | 20221101092717.0 | ||
| 008 | 140415s1991 a gr 000 0 spa d | ||
| 020 | _a968240942X | ||
| 040 |
_aMx-PuUPA _bspa _cMx-PuUPA _dMx-PuUPA _erda |
||
| 041 | 0 | _aspa | |
| 100 | 1 |
_aPereira de Gómez, María Nueves, _eautor |
|
| 245 | 1 | 3 |
_aEl niño abandonado : _bfamilia, afecto y equilibrio personal / _cMaría Nieves Pereira de Gómez |
| 264 | 1 |
_aMéxico, D.F. : _bEditorial Trillas, _c1991 |
|
| 300 |
_a128 páginas : _bilustraciones ; _c23 cm |
||
| 336 |
_2rdacontent _atexto _btxt |
||
| 337 |
_2rdamedia _asin medio _bn |
||
| 338 |
_2rdacarrier _avolumen _bnc |
||
| 650 | 7 |
_2armarc _aHuérfanos y orfanatorios |
|
| 650 | 7 |
_2armarc _aVida familiar |
|
| 942 |
_2ddc _h306.88019 _iP426 _cLI |
||
| 999 |
_c7754 _d7754 |
||